=LDR 00000nam 2200000 4500 =001 INLIS000000000031252 =005 20130612133332 =008 ***********************************Ind** =035 ##$$0010-061300000031252 =041 ##$$a Ind =082 ##$$a 646.7 =090 ##$$a 646.7, Sia m =100 ##$$a Siate, Joe H =245 ##$$a Menjadi awet muda, Stategi untuk hidup awet muda, panjang umur dan lebih berkualitas, Joe H. Siate; penerjemah Noermalasari Fajar =260 ##$$a 2006 $b Jakarta =300 ##$$a xii, 226 hlm, 21 cm =650 ##$$a Kesehatan Diri =700 ##$$a Fajar, Noermalasari =850 ##$$a NBPNMAT =990 ##$$a 21194819/BPAP-NTB/2014 =990 ##$$a 0001/BPAP-NTB/20142014 =990 ##$$a 0001/BPAP-NTB/2015 =990 ##$$a 82238223 =990 ##$$a 01201708223 =990 ##$$a 21194819/BPAP-NTB/2014 =990 ##$$a 0001/BPAP-NTB/20142014 =990 ##$$a 0001/BPAP-NTB/2015